Relationships Bond Or Bondage (Record no. 41276)
[ view plain ]
| 000 -LEADER | |
|---|---|
| fixed length control field | 00351nam a2200133Ia 4500 |
| 008 - FIXED-LENGTH DATA ELEMENTS--GENERAL INFORMATION | |
| fixed length control field | 240719s9999 xx 000 0 und d |
| 041 ## - LANGUAGE CODE | |
| Language code of text/sound track or separate title | eng |
| 082 ## - DEWEY DECIMAL CLASSIFICATION NUMBER | |
| Classification number | 200 SAD |
| 100 ## - MAIN ENTRY--PERSONAL NAME | |
| Personal name | Sadhguru |
| 245 ## - TITLE STATEMENT | |
| Title | Relationships Bond Or Bondage |
| 260 ## - PUBLICATION, DISTRIBUTION, ETC. | |
| Place of publication, distribution, etc. | Mumbai |
| Name of publisher, distributor, etc. | Jaico Book |
| Date of publication, distribution, etc. | 2018 |
| 300 ## - PHYSICAL DESCRIPTION | |
| Extent | 201.; P 23 Cm. |
| 520 ## - SUMMARY, ETC. | |
| Summary, etc. | Gifted By : IMT Faculty Dr. Pawan Jain |
| Withdrawn status | Lost status | Damaged status | Not for loan | Home library | Current library | Shelving location | Date acquired | Full call number | Barcode | Date last seen | Price effective from | Koha item type | Public note |
|---|---|---|---|---|---|---|---|---|---|---|---|---|---|
| IMTN | IMTN | Rack 4-A | 05/26/2023 | 200 SAD | 32971 | 07/19/2024 | 07/19/2024 | Books | Gifted |